Autour d'une vie (Registro nro. 87275)

Detalles MARC
000 -LEADER
campo de control de longitud fija 00605nam a2200193 i 4500
001 - NÚMERO DE CONTROL
campo de control 87275
003 - IDENTIFICADOR DE NÚMERO DE CONTROL
campo de control ES-MaACL
005 - FECHA Y HORA DE LA ÚLTIMA TRANSACCIÓN
campo de control 20250607063023.0
007 - CAMPO FIJO DE DESCRIPCIÓN FÍSICA--INFORMACIÓN GENERAL
campo de control de longitud fija t|
008 - DATOS DE LONGITUD FIJA--INFORMACIÓN GENERAL
campo de control de longitud fija 041220s1902 fr ||||1| fre d
100 1# - ENTRADA PRINCIPAL--NOMBRE DE PERSONA
Nombre de persona Kropotkin, Piotr Alekseevich,
Fechas asociadas al nombre 1842-1921
9 (RLIN) 240800
245 10 - MENCIÓN DEL TÍTULO
Título Autour d'une vie
Resto del título : mémoires /
Mención de responsabilidad, etc. Piotr Alexievich Kropotkin ; préface de Georges Brandés.
250 ## - MENCION DE EDICION
Mención de edición 3eme ed.
260 ## - PUBLICACIÓN, DISTRIBUCIÓN, ETC.
Lugar de publicación, distribución, etc. París :
Nombre del editor, distribuidor, etc. P. V. Stock,
Fecha de publicación, distribución, etc. 1902 (
Fabricante Emile Colin)
300 ## - DESCRIPCIÓN FÍSICA
Extensión XI, 536 p. ;
Dimensiones 18 cm.
700 1# - ENTRADA AGREGADA--NOMBRE PERSONAL
Nombre de persona Brandes, Georges.
9 (RLIN) 31340
852 ## - LOCALIZACIÓN
Ubicación ES-MaACL
Número de control de estantería D-919
Existencias
Estatus retirado Estado de pérdida Estado de daño No para préstamo Biblioteca de origen Biblioteca actual Ubicación en estantería Fecha de adquisición Fuente de adquisición Total de préstamos Signatura topográfica completa Código de barras Visto por última vez Precio de reemplazo Tipo de ítem Koha
        Biblioteca del Ateneo de Madrid Biblioteca del Ateneo de Madrid Sala Valle Inclán 17/01/2008     D-919 901091181 23/02/2023 23/02/2023 Libro impreso